Guess the Artists in my Playlist - Statistics

General Stats
  • This quiz has been taken 16 times
  • The average score is 30 of 82
Answer Stats
Hint Answer % Correct
Hells Bells AC/DC
94%
Dream On Aerosmith
94%
Come Together The Beatles
94%
Paranoid Black Sabbath
88%
Californication Red Hot Chili Peppers
88%
Zombie The Cranberries
88%
Paint It Black The Rolling Stones
88%
Bring Me to Life Evanescence
81%
Everlong Foo Fighters
81%
Smoke on the Water Deep Purple
75%
One Metallica
75%
Money Pink Floyd
75%
Seven Nation Army White Stripes
75%
The Trooper Iron Maiden
69%
Even Flow Pearl Jam
69%
Chop Suey! System Of a Down
69%
Break Stuff Limp Bizkit
63%
The Beautiful People Marilyn Manson
63%
In Bloom Nirvana
63%
Sonne Rammstein
63%
(Don't Fear) The Reaper Blue Oyster Cult
56%
From Hateful Visions Judas Iscariot
56%
Breaking the Law Judas Priest
56%
Kickstart My Heart Motley Crue
56%
Black Hole Sun Soundgarden
56%
Heartbreaker Led Zeppelin
50%
Somewhere I Belong Linkin Park
50%
Sweating Bullets Megadeth
50%
Duality Slipknot
50%
Kryptonite 3 Doors Down
44%
Rooster Alice In Chains
44%
Holiday Green Day
44%
Floods Pantera
44%
Raining Blood Slayer
44%
Adam's Song blink-182
38%
Down with the Sickness Disturbed
38%
Interstate Love Song Stone Temple Pilots
38%
Paralyzer Finger Eleven
31%
Twist Korn
31%
Santeria Sublime
31%
Caught In a Mosh Anthrax
25%
Hammer Smashed Face Cannibal Corpse
25%
Voice of the Soul Death
25%
Sober Tool
25%
The Toxic Waltz Exodus
19%
Waiting Room Fugazi
19%
Fake It Seether
19%
Bother Stone Sour
19%
Animal I Have Become Three Days Grace
19%
Thunder Kiss '65 White Zombie
19%
Scream of the Butterfly Acid Bath
13%
Twilight of the Thunder God Amon Amarth
13%
Judith A Perfect Circle
13%
Lord of the Void Archgoat
13%
Necromancy Bathory
13%
Dunkelheit Burzum
13%
Everything Zen Bush
13%
Sadomasochistic Carpathian Forest
13%
Circle of the Tyrants Celtic Frost
13%
One Last Breath Creed
13%
Transilvanian Hunger Darkthrone
13%
Swerve City Deftones
13%
Maha-Kali Dissection
13%
Funeralopolis Electric Wizard
13%
Havenless Enslaved
13%
Tyrants Immortal
13%
Deathcrush Mayhem
13%
Crazy Train Ozzy Ozbourne
13%
The Ghoul Pentagram
13%
Death Metal Possessed
13%
Roots Bloody Roots Sepultura
13%
Cut the Cord Shinedown
13%
M-16 Sodom
13%
You Only Live Once Suicide Silence
13%
Screaming at Forgotten Fears Xasthur
13%
Mother Danzig
6%
Puritania Dimmu Borgir
6%
Werewolf Marduk
6%
I Burn for You Nargaroth
6%
Myr Taake
6%
The Daemon Gate Tsjuder
6%
Sworn to the Dark Watain
6%
No matching quizzes found
Score Distribution
Percent of People with Each Score
Percentile by Number Answered
Your Score History
You have not taken this quiz